| 000 | 00413nam a22001337a 4500 | ||
|---|---|---|---|
| 082 |
_a385.1 _bRAI |
||
| 110 |
_aCanadian Transport Comission. _938358 |
||
| 245 |
_aRailway costing, _bstate of the Art. _cCanadian Transport Comission. |
||
| 260 |
_aWshington : _bCanadian transport commission, _cc1982. |
||
| 300 | _aMisc pages. | ||
| 526 |
_a0 _b0 _c0 _d385_100000000000000_RAI |
||
| 650 |
_aD _96527 |
||
| 942 |
_2ddc _cBK |
||
| 999 |
_c542971 _d542971 |
||